ABC’s of synchro's and servos / (Record no. 183967)
[ view plain ]
| 000 -LEADER | |
|---|---|
| fixed length control field | 00975 a2200205 4500 |
| 003 - CONTROL NUMBER IDENTIFIER | |
| control field | Nust |
| 005 - DATE AND TIME OF LATEST TRANSACTION | |
| control field | 20230404154114.0 |
| 010 ## - LIBRARY OF CONGRESS CONTROL NUMBER | |
| LC control number | 62016401 |
| 040 ## - CATALOGING SOURCE | |
| Transcribing agency | Nust |
| 082 ## - DEWEY DECIMAL CLASSIFICATION NUMBER | |
| Classification number | 629.8323,AND |
| 100 ## - MAIN ENTRY--PERSONAL NAME | |
| Personal name | Andrews, Alan |
| 245 ## - TITLE STATEMENT | |
| Title | ABC’s of synchro's and servos / |
| Remainder of title | complete coverage of how servomechanisms operate, and how they are used in automatic control systems |
| Statement of responsibility, etc. | Alan Andrews, |
| 250 ## - EDITION STATEMENT | |
| Edition statement | 1st ed |
| 260 ## - PUBLICATION, DISTRIBUTION, ETC. | |
| Place of publication, distribution, etc. | H.W. Sams |
| Name of publisher, distributor, etc. | Indianapolis |
| Date of publication, distribution, etc. | 1962 |
| 300 ## - PHYSICAL DESCRIPTION | |
| Extent | 96 p |
| Other physical details | illus |
| Dimensions | 22 cm |
| 505 ## - FORMATTED CONTENTS NOTE | |
| Formatted contents note | Individual Control System (Page-7), Position Transducers (Page-17), Synchro's (Page-28),Modulators And Demodulators (Page-46), Servo Amplifiers (Page-55), Magnetic And Rotary Amplifies (Page-65), Actuators (Page-75), Analysis Of Complete Systems (Page-81). |
| 600 ## - SUBJECT ADDED ENTRY--PERSONAL NAME | |
| Personal name | Andrews, Alan |
| 9 (RLIN) | 111733 |
| 650 ## - SUBJECT ADDED ENTRY--TOPICAL TERM | |
| Topical term or geographic name entry element | ABC’s of synchros and servos; [complete coverage of how servomechanisms operate, and how they are used in automatic control systems |
| 9 (RLIN) | 111734 |
| 942 ## - ADDED ENTRY ELEMENTS (KOHA) | |
| Source of classification or shelving scheme | |
| Koha item type | Book |
| Withdrawn status | Lost status | Source of classification or shelving scheme | Damaged status | Not for loan | Permanent Location | Current Location | Shelving location | Date acquired | Full call number | Barcode | Date last seen | Price effective from | Koha item type | Public note |
|---|---|---|---|---|---|---|---|---|---|---|---|---|---|---|
| Military College of Signals (MCS) | Military College of Signals (MCS) | General Stacks | 12/12/2016 | 629.8323,AND | MCS5823 | 12/08/2016 | 12/12/2016 | Book | Almirah No.74, Shelf No.7 | |||||
| Military College of Signals (MCS) | Military College of Signals (MCS) | General Stacks | 12/12/2016 | 629.8323,AND | MCS6186 | 12/08/2016 | 12/12/2016 | Book | Almirah No.74, Shelf No.7 |
